000 00731naa a22002297u 4500
001 20094
003 HDC
007 cr bn ---aaaaa
008 210304t xx 000 0 eng
040 _aHDC
245 0 _aGCC: Oil revenue boosted government
260 _a[No place] :
_b[publisher not identified],
_c[no year]
336 _atext
_2rdacontent
337 _acomputer
_2rdamedia
338 _aonline resource
_2rdacarrier
650 _aBusiness
_9207
650 _aPetroleum
_94729
856 _zRequest full-text at [email protected]
942 _2lcc
942 _cEIJ
942 _kEMAG 000872
999 _c17410
_d17410